| 000 | 01009cab a2200301 4500 | ||
|---|---|---|---|
| 001 | ABS51644 | ||
| 008 | 090401t1994 xxu||||| |||| 00| 0 eng d | ||
| 035 | _a(Sirsi) u37031 | ||
| 041 | _aeng | ||
| 100 | _aSimpson, B. | ||
| 245 | 4 | _aThe bumpy road to a calmer way | |
| 260 | _c1994 | ||
| 350 | _a0 | ||
| 490 |
_aSurveyor _v181(5312) 13 October 1994, 18-21(3) |
||
| 520 | _aOutlines the range of situations in which traffic calming measures have been introduced, noting the expectations and problems associated with such measures. Argues that the growing reaction against them is a consequence of their application in inappropriate circumstances. | ||
| 650 | _aHUMPS | ||
| 650 | _aPEDESTRIANISATION | ||
| 650 | _aSPEED HUMPS | ||
| 650 | _aSPEED LIMITS | ||
| 650 | _aTOWN CENTRES | ||
| 650 | _aTRAFFIC CALMING | ||
| 650 | _aTRAFFIC PLANNING | ||
| 650 | _aTRAFFIC VOLUMES | ||
| 650 | _aVEHICULAR CAPACITY | ||
| 690 | _aTRANSPORT AND COMMUNICATIONS | ||
| 942 | _n0 | ||
| 948 | _c04/03/1997 | ||
| 999 |
_c23965 _d23965 |
||